Statistics for History by Picture - P

Click here to take the quiz!

General Stats

  • This quiz has been taken 19,579 times
    (19,545 since last reset)
  • The average score is 12 of 18

Answer Stats

Answer% Correct
Pharaoh
92%
Poseidon
88%
Pablo Picasso
85%
Pompeii
81%
Pearl Harbor
80%
Rosa Parks
80%
{Persian} Empire
77%
Papyrus
73%
Prussia
72%
Marco Polo
69%
Pantheon
64%
{Protestant}ism
61%
{Panama} Hat
49%
Peking
46%
{Papal} States
45%
Pike
45%
PLO
37%
Ptolemy
17%

Score Distribution

Percentile by Number Answered

Percent of People with Each Score

Your Score History

You have not taken this quiz since the last reset